Online
Catalog

Exposiciones temporales en el Museo Numismático y Filatélico, 2016-2018 / (Record no. 48924)

MARC details
000 -CABECERA
campo de control de longitud fija 01260nam a22002657a 4500
003 - IDENTIFICADOR DEL NÚMERO DE CONTROL
campo de control OSt
005 - FECHA Y HORA DE LA ÚLTIMA TRANSACCIÓN
campo de control 20210712142359.0
008 - DATOS DE LONGITUD FIJA--INFORMACIÓN GENERAL
campo de control de longitud fija 201820b ||||| |||| 00| 0 eng d
020 ## - NÚMERO INTERNACIONAL ESTÁNDAR DEL LIBRO
Número Internacional Estándar del Libro 9789945443622
040 ## - FUENTE DE LA CATALOGACIÓN
Centro catalogador/agencia de origen DO-SdBNP
Lengua de catalogación spa
Centro/agencia transcriptor BNPHU
082 #4 - NÚMERO DE LA CLASIFICACIÓN DECIMAL DEWEY
Número de clasificación 747.047
Número de documento/Ítem B213e
Número de edición 22
110 2# - ENTRADA PRINCIPAL--NOMBRE DE ENTIDAD CORPORATIVA
Nombre de entidad corporativa o nombre de jurisdicción como elemento de entrada Banco Central de la República Dominicana
Unidad subordinada Departamento Cultural
9 (RLIN) 7006
245 1# - MENCIÓN DE TÍTULO
Título Exposiciones temporales en el Museo Numismático y Filatélico, 2016-2018 /
260 ## - PUBLICACIÓN, DISTRIBUCIÓN, ETC.
Lugar de publicación, distribución, etc. Santo Domingo :
Nombre del editor, distribuidor, etc. Banco Central de la República Dominicana,
Fecha de publicación, distribución, etc. 2018.
300 ## - DESCRIPCIÓN FÍSICA
Extensión 316 p. :
Otras características físicas il.,
Dimensiones 23 cm.
490 ## - MENCIÓN DE SERIE
Mención de serie Banco Central de la República Dominicana ;
Designación de volumen o secuencia 224
490 ## - MENCIÓN DE SERIE
Mención de serie Numismática y filatélica ;
Designación de volumen o secuencia 17
504 ## - NOTA DE BIBLIOGRAFÍA, ETC.
Nota de bibliografía, etc. Bibliografía : p. 291-294
505 ## - NOTA DE CONTENIDO CON FORMATO
Nota de contenido con formato Presentación --
Título Historia popular de la moneda dominicana --
-- Homenaje a Sánchez. Bicentenario de su natalicio (1817-2017) --
-- Banco Central de la República Dominicana --
-- La mujer dominicana en la numismática y la filatelia nacionales --
590 ## - NOTA LOCAL (RLIN)
Nota local Inventariado, 2020 / DG
650 #4 - PUNTO DE ACCESO ADICIONAL DE MATERIA--TÉRMINO DE MATERIA
Término de materia o nombre geográfico como elemento de entrada Sellos Postales
Subdivisión geográfica República Dominicana
Subdivisión de forma Exposiciones
9 (RLIN) 76966
Subdivisión cronológica 2016-2018
650 #4 - PUNTO DE ACCESO ADICIONAL DE MATERIA--TÉRMINO DE MATERIA
Término de materia o nombre geográfico como elemento de entrada Numismática
Subdivisión geográfica República Dominicana
Subdivisión de forma Exposiciones
Subdivisión general 2016-2018
9 (RLIN) 78514
910 ## - DATOS DE OPCIÓN DEL USUARIO (OCLC)
Datos de opción del usuario Validado. Control de calidad MFF
942 ## - ELEMENTOS DE PUNTO DE ACCESO ADICIONAL (KOHA)
Fuente del sistema de clasificación o colocación Dewey Decimal Classification
Tipo de ítem Koha Libro
Holdings
Estado de retiro Estado de pérdida Fuente del sistema de clasificación o colocación Restricciones de uso No para préstamo Código de colección Localización permanente Ubicación/localización actual Ubicación en estantería Fecha de adquisición Fuente de adquisición Total de préstamos Signatura topográfica completa Código de barras Fecha visto por última vez Precio válido a partir de Tipo de ítem Koha Número de copia
    Dewey Decimal Classification Préstamo en sala   Monografías: Libros y Folletos Biblioteca Nacional Pedro Henríquez Ureña General Depósito 06.05.2018 Donado por el Banco Central   BNPHU DS 737.074 B213e 2016-2018 2021-1668 06.05.2021 06.05.2021 Libro e.3
    Dewey Decimal Classification Préstamo en sala   Monografías: Libros y Folletos Biblioteca Nacional Pedro Henríquez Ureña General Depósito 06.05.2018 Donado por el Banco Central   BNPHU DS 737.074 B213e 2016-2018 2021-1669 06.05.2021 06.05.2021 Libro e.4
    Dewey Decimal Classification Préstamo en sala   Monografías: Libros y Folletos Biblioteca Nacional Pedro Henríquez Ureña General Depósito 06.05.2018 Donado por el Banco Central   BNPHU DS 737.074 B213e 2016-2018 2021-1670 06.05.2021 06.05.2021 Libro e.5
    Dewey Decimal Classification Excluido de préstamo Excluido de préstamo Monografías: Libros y Folletos Biblioteca Nacional Pedro Henríquez Ureña Patrimonio Dominicano Depósito 08.08.2018 Donado por Nelson Aquino   BNPHU PD 737.074 B213e 2016-2018 2021-1622 20.10.2020 20.10.2020 Libro  
    Dewey Decimal Classification Excluido de préstamo Préstamo restrigido Monografías: Libros y Folletos Biblioteca Nacional Pedro Henríquez Ureña Patrimonio Dominicano Depósito 28.04.2021 Dominico Americano   BNPHU PD 737.074 B213e 2016-2018 2021-1623 28.04.2021 28.04.2021 Libro e.2

Powered by Koha